MARC

Tag First Indicator Second Indicator Subfields
LEADER 00000cam a2200000 a 4500
001 in00000778421
005 20191026063218.0
008 890202s1961 txu 00010 eng d
035 |a (OCoLC)19095978 
035 |9 ADM1522AM 
040 |a TXA  |c TXA  |d UtOrBLW 
049 1 |a TXA2 
090 |a GC1  |b .T42 Proj.237, SR-3 
100 1 |a Sanford, Tom E. 
245 1 0 |a Some effects of range upon AN/CPS-9 radar reflectivities in thunderstorms /  |c Tom E. Sanford. 
264 1 |a College Station, Tex. :  |b Texas A & M University, Dept. of Oceanography,  |c 1961. 
300 |a viii, 42 leaves :  |b graphs ;  |c 28 cm. 
336 |a text  |b txt  |2 rdacontent 
337 |a unmediated  |b n  |2 rdamedia 
338 |a volume  |b nc  |2 rdacarrier 
490 1 |a [Texas. A & M University. Department of Oceanography] Project 237, Reference ;  |v 60-24T 
490 1 |a [Texas. A & M University, Department of Oceanography] Project 237, Scientific Report ;  |v no. 3 
500 |a Prepared for the Geophysics Research Directorate, Air Force Cambridge Research Center, Air Research and Development Command, United States Air Force, Bedford, Massachusetts [under Contract AF 19(604)-6136] 
500 |a Project 237, Scientific Report number 3. 
500 |a Project 237 is Utilization of AN/CPS-9 Radar in Weather Analysis and Forecasting. 
650 0 |a Radar meteorology. 
710 2 |a Texas A & M University.  |b Department of Oceanography and Meteorology. 
710 2 |a Texas A & M Research Foundation. 
740 0 |a Utilization of AN/CPS-9 radar in weather analysis and forecasting. 
830 0 |a Project 237 (Texas A & M University. Department of Oceanography and Meteorology) Reference ;  |v no. 60-24T. 
830 0 |a Project 237 (Texas A & M University. Department of Oceanography and Meteorology) Scientific report ;  |v no. 3. 
999 |a MARS 
999 f f |s 0820bd43-deb2-3a53-b873-aafb7696e360  |i ba35d75a-368b-34d8-9607-375ac5711af6  |t 0 
952 f f |p ric  |a Texas A&M University  |b Rellis Campus  |c Joint Library Facility  |d Remote Storage  |t 0  |e GC1 .T42 Proj.237 SR-3  |h Library of Congress classification  |i unmediated -- volume  |m A14813524311 
998 f f |a GC1 .T42 Proj.237 SR-3  |t 0  |l Remote Storage